000 00465nam a22001697a 4500
005 20170417115813.0
008 170417b xxu||||| |||| 00| 0 eng d
020 _a9781118654638
040 _cPK-LaUMT
082 _a519.57
_bEAS-F
100 _aEasterling , Robert G.
245 _aFundamentals of statistical experimental design and analysis/
_cRobert G. Easterling
260 _aLondon:
_bJohn Wiley,
_c2015
300 _a246 p.
546 _aEN
942 _cBK
999 _c92670
_d92670